000 00347 a2200109 4500
001 ART_3498
005 20260410161715.0
008 260409a
245 1 0 _aInflexibilidad descendente de los precios monetarios
100 1 _aOlivera, Julio H.G.
773 0 _tDesarrollo económico
_g- Vol. 25, Nº 100 (ene./mar. 1986)
_wREV1174
999 _c16445
_d16445